Decàleg de l'alimentació saludable
Descripción Física:
1 tríptic ; il. col. ; 21 x 10 cm.
Idioma:
Catalán
MARC
| LEADER | 00000nam a22000007a 4500 | ||
|---|---|---|---|
| 001 | 26906 | ||
| 003 | Arxiu | ||
| 005 | 20260324181144.0 | ||
| 008 | 221115b spa||||| |||| 00| 0 cat d | ||
| 017 | |a B 8555-2016 | ||
| 040 | |a agdb | ||
| 110 | |9 52202 |a Barcelona (Catalunya : Província). |b Servei de Salut Pública | ||
| 245 | |a Decàleg de l'alimentació saludable | ||
| 260 | |a Barcelona : |b Diputació de Barcelona. Servei de Salut Pública ; |c 2016 | ||
| 300 | |a 1 tríptic ; |b il. col. ; |c 21 x 10 cm. | ||
| 650 | 0 | |a Hàbits saludables |x Barcelona (Catalunya : Província) |9 49599 | |
| 650 | 0 | |2 Arxiu |9 46127 |a Alimentació | |
| 942 | |2 udc |c ARXIU |n 1 | ||
| 952 | |0 0 |1 0 |2 udc |4 0 |6 FU7312 |7 1 |9 64194 |a Arxiu |b Arxiu |d 2022-11-15 |l 0 |o FU-73-12 |p 26906 |r 2022-11-15 00:00:00 |w 2022-11-15 |y ARXIU | ||
| 952 | |0 0 |1 0 |2 udc |4 0 |6 FU7320 |7 1 |9 64203 |a Arxiu |b Arxiu |d 2022-11-16 |l 0 |o FU-73-20 |p 26915 |r 2022-11-16 00:00:00 |w 2022-11-16 |y ARXIU | ||
| 999 | |c 82745 |d 82745 | ||